La doctrina social de la Iglesia. Estudios a la luz de la encíclica Caritas in veritate.

Tallennettuna:
Bibliografiset tiedot
Yhteisötekijä: Asociación para el Estudio de la Doctrina Social de la Iglesia (AEDOS) (autor)
Muut tekijät: Rubio de Urquía, Rafael (Toimittaja), Pérez-Soba, Juan José (Toimittaja)
Aineistotyyppi: Kirja
Kieli:englanti
Julkaistu: Madrid, España: Biblioteca de Autores Cristianos, 2014.
Sarja:Biblioteca de Autores Cristianos (BAC) Maior,
Aiheet:
Tagit: Lisää tagi
Ei tageja, Lisää ensimmäinen tagi!

MARC

LEADER 00000nam a22000007a 4500
003 CL-VaPUC
005 20250103100420.0
008 230804t2014 ||||| |||| 00| 0 eng d
999 |c 441504  |d 441502 
020 |a 978-84-220-1733-2 
040 |c Pontificia Universidad Católica de Valparaíso 
082 |2 22  |a 262.91 RUB 2014 
100 |9 884032  |a Rubio de Urquía, Rafael   |e editor 
245 |a La doctrina social de la Iglesia.  |b Estudios a la luz de la encíclica Caritas in veritate.  
260 |a Madrid, España:   |b Biblioteca de Autores Cristianos,   |c 2014.  
300 |a xcix, 1366 páginas.  
490 |a Biblioteca de Autores Cristianos (BAC) Maior,   |n  112. 
500 |a c.1 Donación Sr. Jorge Precht Pizarro. 26-05-23. Biblioteca Teología. 
583 |c 20230804  |k Yessy Sthefany Diaz Vidal 
600 0 |9 859569  |a Benedicto XVI,  |d 1927-2022,  |q Ratzinger, Joseph Aloisius   |x Encíclica   |t Caritas in veritate  
650 0 |a Iglesia Católica  |v Documentos pontificios   |x Doctrina social   |y Siglo 21  |9 256114 
650 0 |9 257817  |a Amor  |v Encíclicas papales   |x Aspectos religiosos   |x Iglesia Católica   |y Siglo 21 
700 |9 884033  |a Pérez-Soba, Juan José  |e editor 
710 |9 884034  |a Asociación para el Estudio de la Doctrina Social de la Iglesia (AEDOS)   |e autor 
942 |2 ddc  |c BK 
952 |0 0  |1 0  |2 ddc  |4 0  |6 262_910000000000000_RUB_2014  |7 0  |8 A  |9 591106  |a BIBTEO  |b BIBTEO  |c GEN  |d 2023-08-04  |e Donación   |i 5658254  |o 262.91 RUB 2014  |p 5658254  |r 2025-01-17  |t 1  |w 2023-08-04  |y BK  |k ICR